000 00643cam a22001814a 4500
005 20250605164353.0
008 250528s ||||||||||||||||||||||||d
035 _a24164
040 _aGR-AtMCL
_bgre
_dGR-AtMCL
_eAACR2
245 1 _aReducing Risk and Preventing Accidents at Level Crossings
260 _bGlobal Railway,
_c2020
300 _a49
520 _aImproving India's Rail Network with State-of-the-Art Technology, The Implications of Coronavirus on the Rail Sector, WESTbahn's CEO Outlines What it Takes to Maintain Their Fleet.
700 1 _aWaters Craig
_99421
942 _cCR
999 _c9061
_d9061